01559nam a2200277 a 450000100100000000500170001000800410002704000250006808200140009324501290010726000430023630000200027949000560029970000410035570000300039670000410042670000400046783000630050704900090057095201270057995201270070695201270083395201860096095201180114699900170126400002813520240226131943.0110406s1974 dr 000 0 spa d aDO-SdBNPbspacBNPHU axxxbI61t01aIntroducción teórica para un proyecto de programa metodológico para una UASD crítica /cHugo Tolentino ... [et al.]. aSanto Domingo :bImpresos UASD,c1974. a14 p. ;c24 cm.1 aConferencias, no. 26aPublicaciones de la UASDv1791 aBatista del Villar, Guarocuya9204081 aKasse Acta, Rafael9258851 aAvelino, Andrés,d1900-19749318751 aGutiérrez Féliz, Euclide955137 0aConferencias, no. 26pPublicaciones de la UASDv179955138 aBNPD 001054708DSaGRbGRcCTd2011-04-06iLF1l0oxxx I61tp28135-30r2020-06-25te. 3w2020-06-25yLFDSZPréstamo en sala 001054708DSaGRbGRcCTd2011-04-06iLF1l0oxxx I61tp28135-40r2020-06-25te. 4w2020-06-25yLFDSZPréstamo en sala 001054708DSaGRbGRcCTd2011-11-21iLF1l0oxxx I61tp28135-50r2020-06-25te. 5w2020-06-25yLFDSZPréstamo en sala 001054708PDaPDbPDcHDd2011-04-06iLF1l0oxxx I61tp28135-10r2020-06-25w2020-06-25yLFPDzPerteneció a la biblioteca personal de Germán Emilio Ornes.ZPréstamo en sala 0010718PDaPDbPDcCTd2011-04-06iLF1l0oxxx I61tp28135-20r2020-06-25te. 2w2020-06-25yLFPDZNo se presta c27627d27627